Общие принципы расчёта термомеханических соединений трубопроводов из элементов с памятью формы; Инновационные технологии и экономика в машиностроении

Detaylı Bibliyografya
Parent link:Инновационные технологии и экономика в машиностроении.— 2009.— С. 655-657
Yazar: Хохлов В. А. Владимир Александрович
Diğer Yazarlar: Закусов А. С., Логвинова Н. А. Наталья Александровна
Dil:Rusça
Baskı/Yayın Bilgisi: 2009
Konular:
Materyal Türü: MixedMaterials Kitap Bölümü
KOHA link:https://koha.lib.tpu.ru/cgi-bin/koha/opac-detail.pl?biblionumber=171395

MARC

LEADER 00000naa2a2200000 4500
001 171395
005 20231101222945.0
035 |a (RuTPU)RU\TPU\book\185853 
090 |a 171395 
100 |a 20091203d2009 k y0rusy50 ca 
101 0 |a rus 
102 |a RU 
200 1 |a Общие принципы расчёта термомеханических соединений трубопроводов из элементов с памятью формы  |f В. А. Хохлов, А. С. Закусов, Н. А. Логвинова 
320 |a Библиогр.: 2 назв. 
463 0 |0 (RuTPU)RU\TPU\book\176298  |t Инновационные технологии и экономика в машиностроении  |o труды VII Всероссийской научно-практической конференции с международным участием, 21-22 мая 2009 г., г. Юрга  |f Томский политехнический университет (ТПУ), Юргинский технологический институт (ЮТИ) ; под ред. Д. А. Чинахова  |v С. 655-657  |d 2009  |p 695 с. 
610 1 |a термомеханические соединения 
610 1 |a трубопроводы 
610 1 |a память формы 
610 1 |a соединения 
610 1 |a расчёты 
610 1 |a герметизация 
610 1 |a труды учёных ТПУ 
700 1 |a Хохлов  |b В. А.  |c российский ученый  |c профессор Томского политехнического университета  |f 1936-  |g Владимир Александрович  |2 stltpush  |3 (RuTPU)RU\TPU\pers\22019  |9 9316 
701 1 |a Закусов  |b А. С. 
701 1 |a Логвинова  |b Н. А.  |c старший преподаватель  |c Юргинский технологический инстиут (филиал) Томского политехнического университета  |g Наталья Александровна  |2 stltpush  |3 (RuTPU)RU\TPU\pers\24505 
801 1 |a RU  |b 63413507  |c 20091203 
942 |c BK